SOIL PHYSICS WITH BASIC (Record no. 13925)

MARC details
000 -LEADER
fixed length control field 00444nam a22001817a 4500
003 - CONTROL NUMBER IDENTIFIER
control field OSt
005 - DATE AND TIME OF LATEST TRANSACTION
control field 20211020163503.0
008 - FIXED-LENGTH DATA ELEMENTS--GENERAL INFORMATION
fixed length control field 211020b |||||||| |||| 00| 0 eng d
020 ## - INTERNATIONAL STANDARD BOOK NUMBER
International Standard Book Number 0444425578
040 ## - CATALOGING SOURCE
Transcribing agency HAWASSA UNIVERSITY
050 ## - LIBRARY OF CONGRESS CALL NUMBER
Classification number 631.43/CAM
Item number 2
082 ## - DEWEY DECIMAL CLASSIFICATION NUMBER
Classification number 631.43/CAM
Item number 2
100 ## - MAIN ENTRY--PERSONAL NAME
Personal name CAMPBELL G.S.
9 (RLIN) 14732
245 ## - TITLE STATEMENT
Title SOIL PHYSICS WITH BASIC
260 ## - PUBLICATION, DISTRIBUTION, ETC.
Place of publication, distribution, etc. NEW YORK
Name of publisher, distributor, etc. TOKYO
Date of publication, distribution, etc. 1985
300 ## - PHYSICAL DESCRIPTION
Extent xvi/150
942 ## - ADDED ENTRY ELEMENTS (KOHA)
Source of classification or shelving scheme Dewey Decimal Classification
Koha item type Books like text book referance book
Suppress in OPAC No
Holdings
Withdrawn status Lost status Source of classification or shelving scheme Damaged status Not for loan Home library Current library Date acquired Total Checkouts Full call number Barcode Date last seen Copy number Price effective from Koha item type
    Dewey Decimal Classification     College of Agriculture Library College of Agriculture Library 10/20/2021   631.43/CAM ALIB0001280 10/20/2021 1 10/20/2021 Books like text book referance book
    Dewey Decimal Classification     College of Agriculture Library College of Agriculture Library 10/20/2021   631.43/CAM ALIB0001281 10/20/2021 2 10/20/2021 Books like text book referance book